| 000 | 00593nam a2200169 4500 | ||
|---|---|---|---|
| 008 | 061114s2003 ch e 000 0 chi d | ||
| 020 | _a9577271871 :NT 250/Php320 | ||
| 090 |
_aBV4908.5 _bEn3m |
||
| 100 | 1 | _aEng, Elaine Leong. | |
| 240 | 1 | 0 |
_aMartha, Martha. _bChinese. |
| 245 | 1 | 0 |
_aMartha, Martha : _bhow Christian worry {ch} / _cElaine Leong Eng |
| 260 |
_aTaipei ; _bCosmic Light, _c2003. |
||
| 300 |
_a212 p. ; _c22 cm. |
||
| 650 | 4 |
_aAnxiety _xReligious aspects _xChristianity {ch}. |
|
| 700 | 1 | _aLu, Luanhshi. | |
| 951 |
_pC-8105 _x00034071 _oBV4908.5/En3m _j070613111621281 _d2000-12-21 _cCH |
||
| 999 |
_c28178 _d28178 |
||